[Event "DRUZYNOWE MISTRZOSTWA POLSKI - I LIGA"]
[Site "Ustron"]
[Date "1899-12-30"]
[Round "8.11"]
[White "Czernek, Tymon"]
[Black "Tomaszewski, Kacper"]
[Result "1-0"]
[WhiteTitle "I++"]
[BlackTitle "FM"]
[WhiteElo "2267"]
[BlackElo "2341"]

1. e4 b6 2. d4 Bb7 3. Bd3 e6 4. Nf3 Ne7 5. O-O d6 6. c4 Nd7 7. Nc3 h6 8. Re1 a6
9. h3 c5 10. Ne2 Qc7 11. d5 e5 12. Ng3 g6 13. h4 Bg7 14. Nh2 Bc8 15. Rb1 b5 16.
b3 Rb8 17. f4 exf4 18. Bxf4 Ne5 19. Nf3 Bg4 20. Be2 Bxf3 21. gxf3 Qd7 22. Kg2
f5 23. Rh1 O-O 24. Qd2 Kh7 25. Bxe5 Bxe5 26. f4 Bg7 27. h5 fxe4 28. hxg6+ Nxg6
29. f5 Ne5 30. Rbf1 Nf3 31. Qf4 Rbe8 32. Nxe4 Rxf5 33. Qg4 Bd4 34. Rxh6+ Kxh6
35. Rh1+ 1-0

[Event "DRUZYNOWE MISTRZOSTWA POLSKI - I LIGA"]
[Site "Ustron"]
[Date "1899-12-30"]
[Round "8.13"]
[White "Kowalski, Igor"]
[Black "Paszewski, Mateusz"]
[Result "1/2-1/2"]
[WhiteTitle "FM"]
[BlackTitle "FM"]
[WhiteElo "2397"]
[BlackElo "2275"]

1. d4 d5 2. c4 c6 3. Nf3 Nf6 4. Nc3 e6 5. e3 Nbd7 6. Qc2 Bd6 7. Bd2 O-O 8. O-O-O
b5 9. e4 b4 10. e5 bxc3 11. Bxc3 Bc7 12. exf6 Qxf6 13. Bd3 h6 14. Kb1 a5 15. h4
Ba6 16. Rh3 Nb6 17. Ng5 g6 18. c5 Bxd3 19. Qxd3 Nc4 20. Nf3 a4 21. h5 g5 22. Nd2
Qxf2 23. Nxc4 dxc4 24. Qe4 Qf5 25. Qxf5 exf5 26. d5 cxd5 27. Rxd5 f4 28. Rd7 Rac8
29. Rh1 Rfe8 30. Rhd1 Be5 31. Bb4 Bf6 32. R1d6 Kg7 33. c6 Re2 34. Bc3 Bxc3 35.
bxc3 Rxg2 36. Rg6+ Kf8 37. Rxh6 f3 38. Rf6 Re8 39. Rfxf7+ Kg8 40. Rg7+ Kh8 41.
Rh7+ 1/2-1/2

[Event "DRUZYNOWE MISTRZOSTWA POLSKI - I LIGA"]
[Site "Ustron"]
[Date "1899-12-30"]
[Round "8.14"]
[White "Ciesla, Adam"]
[Black "Chylewski, Patryk"]
[Result "1/2-1/2"]
[WhiteTitle "m"]
[BlackTitle "FM"]
[WhiteElo "2294"]
[BlackElo "2324"]

1. e4 c5 2. Nf3 d6 3. d4 cxd4 4. Nxd4 Nf6 5. Nc3 a6 6. Nb3 g6 7. Be2 Bg7 8. g4
h6 9. Be3 Nc6 10. Nd5 Nxd5 11. exd5 Ne5 12. a4 g5 13. h4 Ng6 14. Bd4 Bxd4 15.
Qxd4 Rg8 16. hxg5 hxg5 17. O-O-O Bd7 18. Kb1 b5 19. Nd2 Qa5 20. Ne4 bxa4 21. Nxg5
Rb8 22. c3 a3 23. b4 Qa4 24. Ka1 Bb5 25. Rd2 Bxe2 26. Rxe2 Rb7 27. Qf6 Rf8 28.
Qxd6 Qb5 29. Rhe1 Rd7 30. Qg3 Qxd5 31. Nh7 Rd6 32. Nxf8 Kxf8 33. f4 Qc4 34. f5
Rd3 35. Qb8+ Kg7 36. Rc2 Rxc3 37. fxg6 Rxc2 38. Qe5+ Kg8 39. Qb8+ Kg7 40. Qe5+
Kg8 41. Qb8+ 1/2-1/2

[Event "DRUZYNOWE MISTRZOSTWA POLSKI - I LIGA"]
[Site "Ustron"]
[Date "1899-12-30"]
[Round "8.15"]
[White "Sanz, Wawer Daniel"]
[Black "Tomaszewski, Roman"]
[Result "1/2-1/2"]
[WhiteTitle "FM"]
[BlackTitle "IM"]
[WhiteElo "2325"]
[BlackElo "2206"]

1. e4 c6 2. d4 d5 3. Nc3 dxe4 4. Nxe4 Nf6 5. Nxf6+ exf6 6. c3 Bd6 7. Bd3 O-O 8.
Qc2 Re8+ 9. Ne2 Kh8 10. Be3 Nd7 11. O-O-O Nf8 12. Kb1 Be6 13. c4 Rc8 14. Nc3 Bb4
15. Ne4 Be7 16. h4 b5 17. Nc5 Bxc5 18. dxc5 Qa5 19. h5 h6 20. a3 bxc4 21. Bxc4
Rb8 22. Bxe6 Rxe6 23. Rh4 Rd8 24. Ra4 Rxd1+ 25. Qxd1 Qc7 26. Rd4 Re8 27. Rd6 Kg8
28. Ka2 Rc8 29. Qg4 Kh8 30. Bf4 Ne6 31. Bg3 Qb7 32. Qb4 Qxb4 33. axb4 f5 34. Rd7
f4 35. Bh2 Ra8 36. Rxf7 a5 37. b5 cxb5 38. Bxf4 Nxc5 39. Be5 Rg8 40. Ra7 Nd3 41.
Bc3 b4 42. Bd4 a4 43. Rxa4 Rd8 44. Be3 Kg8 45. Ra7 Rd5 46. Kb3 Rxh5 47. Rd7 Nc5+
48. Bxc5 Rxc5 49. Rd4 Re5 50. Rxb4 Kf7 51. Rf4+ Ke6 52. Kc4 Kd6 53. Rf7 Rg5 54.
g3 Kc6 55. Kd4 h5 56. Ke4 Kd6 57. Rf5 Rg4+ 58. Kf3 g6 59. Rf4 Rg5 60. Kg2 Ke6
61. Rb4 Rf5 62. Re4+ Kd5 63. Re8 Rf6 64. Re1 Rb6 65. Re2 g5 66. Re8 Rxb2 67. Rg8
g4 68. Rg5+ Ke6 69. Rxh5 Kf6 70. Rd5 Ra2 71. Kf1 Rb2 72. Rd4 Kf5 73. Rf4+ Kg5
74. Re4 Kf5 75. Re2 Ke5 1/2-1/2

[Event "DRUZYNOWE MISTRZOSTWA POLSKI - I LIGA"]
[Site "Ustron"]
[Date "1899-12-30"]
[Round "8.16"]
[White "Flis, Jacek"]
[Black "Kokoszczynski, Jan"]
[Result "1/2-1/2"]
[WhiteTitle "FM"]
[BlackTitle "FM"]
[WhiteElo "2214"]
[BlackElo "2231"]

1. g3 d5 2. Bg2 c6 3. Nf3 Nf6 4. O-O Bg4 5. d3 Nbd7 6. Nbd2 e5 7. e4 dxe4 8. dxe4
Bc5 9. Qe2 O-O 10. h3 Bh5 11. Kh2 Re8 12. Nb3 Bf8 13. Rd1 Qc7 14. g4 Bg6 15. Nh4
Nc5 16. Nxg6 hxg6 17. Nxc5 Bxc5 18. Be3 Qb6 19. Bxc5 Qxc5 20. Rd3 Rad8 21. Rad1
Rxd3 22. Rxd3 Qb6 23. c3 Rd8 24. Rd2 Nh7 25. Qd1 Rxd2 26. Qxd2 Nf8 27. Bf1 Qc5
28. b4 Qe7 29. Bc4 g5 30. Qe3 b6 31. Qf3 g6 32. Kg2 Nd7 33. Qe3 Kg7 34. Bb3 Qf6
35. Qd2 Qe7 36. Qe3 a6 37. Qd3 b5 38. c4 Nf8 1/2-1/2

[Event "DRUZYNOWE MISTRZOSTWA POLSKI - I LIGA"]
[Site "Ustron"]
[Date "1899-12-30"]
[Round "8.19"]
[White "Pakleza, Zbigniew"]
[Black "Maciejczak, Jakub"]
[Result "1-0"]
[WhiteTitle "GM"]
[BlackTitle "FM"]
[WhiteElo "2503"]
[BlackElo "2371"]

1. e4 c6 2. d4 d5 3. Nc3 dxe4 4. Nxe4 Bf5 5. Ng3 Bg6 6. Nh3 Nf6 7. Nf4 Nd5 8. Nxg6
hxg6 9. c4 Nf6 10. Qb3 Qb6 11. Qxb6 axb6 12. Be2 e6 13. O-O Bd6 14. Be3 Na6 15.
a3 Nc7 16. a4 Na6 17. b3 Rh4 18. a5 bxa5 19. Rxa5 Bb4 20. Ra4 Bc3 21. f4 O-O-O
22. Rd1 Rhh8 23. Bf3 Kc7 24. Ne2 Bb4 25. Nc1 Be7 26. Nd3 Nd7 27. c5 Nf6 28. Ne5
Nd5 29. Bd2 Nxc5 30. dxc5 Bxc5+ 31. Kh1 1-0

[Event "DRUZYNOWE MISTRZOSTWA POLSKI - I LIGA"]
[Site "Ustron"]
[Date "1899-12-30"]
[Round "8.20"]
[White "Janaszak, Dawid"]
[Black "Jakubiec, Artur"]
[Result "1/2-1/2"]
[WhiteTitle "FM"]
[BlackTitle "GM"]
[WhiteElo "2356"]
[BlackElo "2463"]

1. e4 e6 2. d4 d5 3. Nc3 Bb4 4. e5 c5 5. a3 Bxc3+ 6. bxc3 Ne7 7. Nf3 Qc7 8. a4
b6 9. Bb5+ Bd7 10. Be2 Nbc6 1/2-1/2

[Event "DRUZYNOWE MISTRZOSTWA POLSKI - I LIGA"]
[Site "Ustron"]
[Date "1899-12-30"]
[Round "8.21"]
[White "Olsen, Filip Boe"]
[Black "Dudzinski, Piotr"]
[Result "1/2-1/2"]
[WhiteTitle "IM"]
[BlackTitle "FM"]
[WhiteElo "2351"]
[BlackElo "2323"]

1. d4 d5 2. c4 e6 3. Nf3 c6 4. Nbd2 Nf6 5. Qc2 Be7 6. g3 O-O 7. Bg2 b6 8. O-O Bb7
9. e4 dxe4 10. Nxe4 Nxe4 11. Qxe4 Nd7 12. Rd1 Qc8 13. Bf4 c5 14. d5 Bf6 15. Qc2
exd5 16. cxd5 Re8 17. a4 Qd8 18. a5 bxa5 19. Nd2 Ba6 20. Ne4 Bd4 21. Rd2 Qb6 22.
Qa4 Bb5 23. Qa3 Ne5 24. Nd6 Nc4 25. Nxc4 Bxc4 26. h4 Rad8 27. d6 h6 28. h5 Re2
29. Rxe2 Bxe2 30. Qxa5 Rxd6 31. Bxd6 Qxd6 32. Qxa7 Bxh5 33. Ra6 Bxf2+ 34. Kxf2
Qd4+ 35. Kf1 Qd1+ 1/2-1/2

[Event "DRUZYNOWE MISTRZOSTWA POLSKI - I LIGA"]
[Site "Ustron"]
[Date "1899-12-30"]
[Round "8.22"]
[White "Dudzinski, Pawel"]
[Black "Szoen, Dariusz"]
[Result "1/2-1/2"]
[WhiteTitle "FM"]
[BlackTitle "IM"]
[WhiteElo "2199"]
[BlackElo "2407"]

1. e4 c5 2. c4 Nc6 3. Nc3 d6 4. g3 g6 5. Bg2 Bg7 6. d3 Rb8 7. Nge2 a6 8. a4 e6
9. O-O Nge7 10. Rb1 O-O 11. Be3 e5 12. f4 f5 13. fxe5 Nxe5 14. Qd2 Bd7 15. Bg5
Nf7 16. Be3 Nc6 17. Nf4 Nd4 18. b4 Ne5 19. bxc5 dxc5 20. exf5 Bxf5 21. Bd5+ Kh8
22. Bxd4 cxd4 23. Ne4 b5 24. axb5 axb5 25. Kh1 bxc4 26. Rxb8 Qxb8 27. dxc4 Nxc4
28. Bxc4 Bxe4+ 29. Kg1 d3 30. Qe3 Re8 31. Ne6 Rxe6 32. Bxe6 Qb4 33. h4 Bf5 34.
Rxf5 gxf5 35. Kh2 Qb2+ 36. Kh3 Qe2 37. Qb6 Qf1+ 38. Kh2 Qe2+ 39. Kh3 Qg4+ 40.
Kh2 Qe2+ 41. Kh3 Qg4+ 42. Kh2 Qe2+ 1/2-1/2

[Event "DRUZYNOWE MISTRZOSTWA POLSKI - I LIGA"]
[Site "Ustron"]
[Date "1899-12-30"]
[Round "8.23"]
[White "Boe, Mads"]
[Black "Kucza, Karol"]
[Result "1/2-1/2"]
[WhiteTitle "FM"]
[BlackTitle "FM"]
[WhiteElo "2284"]
[BlackElo "2285"]

1. d4 d5 2. c4 e6 3. Nc3 c6 4. cxd5 exd5 5. Nf3 Nf6 6. Bg5 h6 7. Bh4 Bf5 8. e3
Be7 9. Bd3 Bxd3 10. Qxd3 Nbd7 11. O-O O-O 12. a3 a5 13. Qc2 Re8 14. Rab1 Bd6 1/2-1/2

[Event "DRUZYNOWE MISTRZOSTWA POLSKI - I LIGA"]
[Site "Ustron"]
[Date "1899-12-30"]
[Round "8.24"]
[White "Czerwinska, Milena"]
[Black "Kubicka, Anna"]
[Result "0-1"]
[WhiteTitle "WFM"]
[BlackTitle "WIM"]
[WhiteElo "2010"]
[BlackElo "2264"]

1. e4 c6 2. d4 d5 3. Nc3 dxe4 4. Nxe4 Nf6 5. Nxf6+ exf6 6. Be3 Bd6 7. Bd3 O-O 8.
Ne2 Re8 9. Qd2 Nd7 10. O-O-O Nf8 11. Kb1 Be6 12. h4 b5 13. Rdg1 Bc7 14. h5 h6
15. g4 Ba5 16. Qd1 Qd5 17. Nc1 Qd7 18. f4 Bxa2+ 19. Nxa2 Rxe3 20. g5 fxg5 21.
fxg5 Qe6 22. gxh6 Qxh6 23. Qg4 Rae8 24. Nc1 Re1 25. Rxe1 Rxe1 26. Rxe1 Bxe1 27.
Nb3 Qd6 28. Qe4 Bf2 29. c3 a6 30. Nc5 a5 31. Qe8 Bh4 32. Be4 b4 33. Qxc6 Qf4 34.
Qe8 Qf1+ 35. Kc2 Qe2+ 36. Kb3 Qd1+ 37. Bc2 Qxh5 38. Nd7 Qd5+ 0-1

[Event "DRUZYNOWE MISTRZOSTWA POLSKI - I LIGA"]
[Site "Ustron"]
[Date "1899-12-30"]
[Round "8.25"]
[White "Plichta, Kamil"]
[Black "Butkiewicz, Lukasz"]
[Result "1-0"]
[WhiteTitle "FM"]
[BlackTitle "IM"]
[WhiteElo "2383"]
[BlackElo "2393"]

1. e4 c5 2. Nf3 e6 3. d4 cxd4 4. Nxd4 a6 5. Nc3 Qc7 6. g3 Bb4 7. Bd2 Nc6 8. Nxc6
dxc6 9. Na4 Bxd2+ 10. Qxd2 Nf6 11. Bg2 O-O 12. O-O-O e5 13. h3 Nd7 14. f4 b5 15.
Nc3 Qa5 16. f5 b4 17. Nb1 Qxa2 18. Qxb4 Rb8 19. Qa3 Qc4 20. Nd2 Qd4 21. Rhf1 a5
22. g4 Ba6 23. Nb1 Qa7 24. Rfe1 Nb6 25. Nd2 a4 26. g5 Rfd8 27. Bf1 Bxf1 28. Rxf1
Qa6 29. Rf3 Qb5 30. Rd3 Rdc8 31. h4 c5 32. Rd6 Re8 33. g6 hxg6 34. fxg6 f6 35.
h5 Kf8 36. h6 Ke7 37. Nf3 Nc4 38. Rd7+ Ke6 39. Ng5+ Kd5 1-0

[Event "DRUZYNOWE MISTRZOSTWA POLSKI - I LIGA"]
[Site "Ustron"]
[Date "1899-12-30"]
[Round "8.26"]
[White "Luch, Michal"]
[Black "Lewtak, Damian"]
[Result "1/2-1/2"]
[WhiteTitle "IM"]
[BlackTitle "IM"]
[WhiteElo "2389"]
[BlackElo "2377"]

1. d4 d5 2. c4 c6 3. Nf3 Nf6 4. Qc2 dxc4 5. Qxc4 Bf5 6. g3 e6 7. Bg2 Be7 8. O-O
O-O 9. Nc3 Nbd7 10. e3 Bg6 11. Qe2 Ne4 12. Nd2 Nxd2 13. Bxd2 c5 14. d5 Nb6 15.
e4 exd5 16. exd5 Re8 17. Be3 Bf6 18. Qb5 Bd4 19. Rad1 a6 20. Qb3 Bxe3 21. fxe3
Bd3 22. Rfe1 Qd6 23. Bf1 Bxf1 24. Kxf1 c4 25. Qc2 Nd7 26. Qf5 Re5 27. Qf4 b5 28.
a4 b4 29. Ne4 Qg6 30. Nf2 Rf5 31. Qd4 Ne5 32. e4 Rh5 33. Re3 Qf6 34. h4 Ng4 35.
Qxf6 Nxe3+ 36. Ke2 gxf6 37. Kxe3 Re8 38. Kd4 Rc8 39. Ng4 Kg7 40. Ne3 c3 41. bxc3
bxc3 42. Nf5+ Rxf5 43. exf5 Kf8 44. Rc1 c2 45. Kd3 Ke7 46. Rxc2 Rxc2 47. Kxc2
Kd6 48. Kc3 Kxd5 49. Kb4 Kc6 50. h5 h6 51. g4 Kb6 52. a5+ Kc6 53. Kc4 Kd6 54.
Kd4 Ke5+ 1/2-1/2

[Event "DRUZYNOWE MISTRZOSTWA POLSKI - I LIGA"]
[Site "Ustron"]
[Date "1899-12-30"]
[Round "8.27"]
[White "Budrewicz, Krzysztof"]
[Black "Bronowicki, Mateusz"]
[Result "1-0"]
[WhiteTitle "m"]
[BlackTitle "FM"]
[WhiteElo "2227"]
[BlackElo "2243"]

1. d4 c5 2. d5 e5 3. e4 d6 4. Nc3 a6 5. a4 Be7 6. Be2 Bg5 7. Nf3 Bxc1 8. Qxc1 Bg4
9. Nd2 Bxe2 10. Nxe2 Nh6 11. O-O O-O 12. Nc4 f5 13. f4 fxe4 14. fxe5 Rxf1+ 15.
Qd1 Re1+ 16. Qxe1 dxe5 17. Qf1 Nd7 18. Nc3 Qf6 19. a5 Qh4 20. Qe1 Qxe1+ 21. Rxe1
Nf6 22. Nb6 Re8 23. Nca4 Nf5 24. Nxc5 Nd6 25. c4 h6 26. b3 Re7 27. Nca4 Nf5 28.
Nc3 Nd4 29. b4 e3 30. d6 Rf7 31. Ncd5 e2 32. c5 Nxd5 33. Nxd5 Kf8 34. Nc3 Nc2
35. Rxe2 Nxb4 36. Rxe5 Nc6 37. Re4 Rf5 38. d7 Rxc5 39. Re8+ Kf7 40. Rc8 Rxc3 41.
Rxc6 Rd3 42. Rc7 Ke6 43. d8=Q Rd5 44. Rxg7 Rxd8 45. Rxb7 Kf5 46. Rb6 Rd5 47. Rxh6
Rxa5 48. Re6 Kg5 49. Rd6 Ra1+ 50. Kf2 Ra2+ 51. Kf3 Ra3+ 52. Ke2 Ra2+ 53. Rd2 Ra3
54. Kf2 Kg4 55. Rd4+ Kf5 56. h4 a5 57. Rc4 Ra2+ 58. Kg3 Ra3+ 59. Kh2 Rb3 60. g3
Rb5 61. Kh3 Kg6 62. Rc6+ Kg7 63. Rd6 Rc5 64. Kg4 Rc4+ 65. Kf5 Rc5+ 66. Ke4 a4
67. Ra6 Rc4+ 68. Kf5 Rc5+ 69. Kg4 Rc4+ 70. Kh3 Rb4 71. h5 Rc4 72. g4 Kh7 73. Kh4
Kg7 74. h6+ Kh7 75. Kh5 Rb4 76. g5 Rb5 77. Ra7+ Kh8 78. Rxa4 Rc5 79. Re4 Ra5 80.
Re7 Rb5 81. Kg6 Rb8 82. Kf6 Rc8 83. g6 Rf8+ 84. Rf7 Ra8 85. g7+ Kh7 86. Rf8 Ra6+
87. Ke5 Ra5+ 88. Ke4 1-0

[Event "DRUZYNOWE MISTRZOSTWA POLSKI - I LIGA"]
[Site "Ustron"]
[Date "1899-12-30"]
[Round "8.28"]
[White "Brodowski, Piotr"]
[Black "Reza, Wojciech"]
[Result "1-0"]
[WhiteTitle "IM"]
[BlackTitle "FM"]
[WhiteElo "2446"]
[BlackElo "2273"]

1. c4 Nf6 2. Nc3 d6 3. d4 e5 4. d5 Be7 5. e4 O-O 6. h3 Na6 7. Be3 Nc5 8. Qc2 c6
9. Nf3 Qc7 10. Rc1 g6 11. g4 a5 12. Bg2 cxd5 13. Nb5 Qb6 14. exd5 h5 15. Nh4 Kg7
16. g5 Nfd7 17. O-O Qd8 18. f4 exf4 19. Rxf4 Ne5 20. Bxc5 Bxg5 21. Qe4 dxc5 22.
Qxe5+ f6 23. Qe3 Re8 24. Qg3 f5 25. Nxg6 h4 26. Nxh4 Kh7 1-0

[Event "DRUZYNOWE MISTRZOSTWA POLSKI - I LIGA"]
[Site "Ustron"]
[Date "1899-12-30"]
[Round "8.29"]
[White "Renkowski, Piotr"]
[Black "Skawinski, Arkadiusz"]
[Result "0-1"]
[WhiteTitle "k+"]
[BlackTitle "FM"]
[WhiteElo "2149"]
[BlackElo "2384"]

1. e4 e6 2. d4 d5 3. e5 c5 4. c3 Nc6 5. Nf3 Qb6 6. a3 Nh6 7. b4 cxd4 8. cxd4 Nf5
9. Bb2 Be7 10. Bd3 a5 11. Qa4 O-O 12. b5 Nh4 13. Nxh4 Bxh4 14. O-O f5 15. Nd2
Nd8 16. Bc3 Nf7 17. Nb3 Qd8 18. f4 Be7 19. Bb4 Bd7 20. Bxe7 Qxe7 21. Rac1 b6 22.
Nd2 Rac8 23. Nf3 g5 24. g3 Kh8 25. Qb3 gxf4 26. gxf4 Rg8+ 27. Kf2 Rxc1 28. Rxc1
Rg4 29. Ke3 Qf8 30. Rc7 Qh6 31. Rxd7 Qxf4+ 32. Kf2 Ng5 33. Be2 Ne4+ 34. Ke1 Qc1+
35. Bd1 Rg1+ 36. Ke2 Rxd1 37. Rd8+ Kg7 38. Rd7+ Kf8 39. Rc7 Rd2+ 40. Ke3 Rc2+
0-1